Footballeurs connus par chaque lettres - Statistiques

Statistiques générales
  • Ce quiz a été pris 1 126 fois
  • Le résultat moyen est 16 sur 26
Statistiques - réponses
Lettre Pays Joueur % Correct
B Pays de Galles Bale
92%
M Argentine Messi
88%
R Portugal Ronaldo
86%
Z France Zidane
85%
D Côte d'ivoire Drogba
81%
S Egypte Salah
81%
A Gabon Aubameyang
79%
I Suede Ibrahimovic
79%
X Espagne Xavi
79%
N Costa Rica Navas
68%
Q Portugal Quaresma
68%
C Pays Bas Cruyff
67%
E Portugal Eusebio
63%
L Belgique Lukaku
63%
P Bresil Pelé
63%
H France Henry
62%
W Liberia Weah
59%
J Colombie James Rodriguez
48%
V Chili Vidal
48%
T Italie Totti
47%
Y Russie Yachin
44%
G Brésil Garrincha
43%
O Allemagne Ozil
40%
K Allemagne Kroos
28%
F Angleterre Ferdinand
21%
U Uruguay Ugarte
18%
Aucun quiz correspondant
Distribution des résultats
% des personnes avec chaque résultat
Percentile par nombre de réponses
Votre historique - résultats
Vous n’avez pas pris ce quiz